| 000 | 00805 a2200241 4500 | ||
|---|---|---|---|
| 999 |
_c216334 _d216334 |
||
| 005 | 20260305152610.0 | ||
| 008 | 260226b ||||| |||| 00| 0 eng d | ||
| 020 | _a9781111525514 | ||
| 040 |
_aLC _cUNZA _eRDA |
||
| 050 |
_aHB 172 _bSNY 2012 |
||
| 100 |
_aSnyder, Christopher _eauthor |
||
| 245 |
_aMicroeconomic theory : _bbasic principles and extensions / _cChristopher Snyder, Dartmouth College and Walter Nicholson, Amherst College. |
||
| 250 | _aEleventh edition. | ||
| 260 |
_aBoston : _bSouth-Western Cengage Learning, _c2012. |
||
| 300 |
_axxi, 738 pages : _billustrations. |
||
| 336 | _aText | ||
| 337 | _aUnmediated | ||
| 338 | _aVolume | ||
| 504 | _aIncludes bibliographical references and index. | ||
| 650 | _aMicroeconomics | ||
| 700 |
_aNicholson, Walter _eauthor |
||
| 942 | _cBOOK | ||